[Event "Titled Tuesday intern op 29th Aug Early"]
[Site "Chess.com INT"]
[Date "2023.08.29"]
[Round "5"]
[White "Andreev, Konstantin"]
[Black "Tymrakiewicz, Rafal"]
[Result "1-0"]
[WhiteElo "2151"]
[BlackElo "2150"]
[PlyCount "69"]
[EventDate "2023.08.29"]
[EventType "swiss (blitz)"]
[EventRounds "11"]
[EventCountry "USA"]
[SourceTitle "EXT 2024"]
[Source "ChessBase"]
[SourceDate "2023.10.10"]
[SourceVersion "1"]
[SourceVersionDate "2023.10.10"]
[SourceQuality "1"]

1. e4 Nf6 2. e5 Nd5 3. d4 d6 4. c4 Nb6 5. exd6 cxd6 6. Nc3 g6 7. Bd3 Bg7 8. Nge2 0-0 9. 0-0 Nc6 10. Be3 d5 11. c5 Nc4 12. Bxc4 dxc4 13. Qd2 Bf5 14. d5 Nb4 15. Bd4 Bd3 16. Bxg7 Kxg7 17. Rfd1 Rc8 18. Nf4 Rxc5 19. Na4 Rb5 20. Qc3+ Kg8 21. b3 Nxd5 22. Qe5 Nxf4 23. Qxb5 e5 24. Qxe5 Ne2+ 25. Kh1 Re8 26. Qb5 Qh4 27. Qxe8+ Kg7 28. Nc5 Qxf2 29. Qe5+ f6 30. Qe7+ Kh6 31. Nxd3 cxd3 32. Rxd3 Nf4 33. Rg3 f5 34. Re1 Nd3 35. Rh3+ 1-0

[Event "Titled Tuesday intern op 29th Aug Early"]
[Site "Chess.com INT"]
[Date "2023.08.29"]
[Round "2"]
[White "Nihal, Sarin"]
[Black "Andreev, Konstantin"]
[Result "1-0"]
[WhiteElo "2684"]
[BlackElo "2151"]
[PlyCount "87"]
[EventDate "2023.08.29"]
[EventType "swiss (blitz)"]
[EventRounds "11"]
[EventCountry "USA"]
[SourceTitle "EXT 2024"]
[Source "ChessBase"]
[SourceDate "2023.10.10"]
[SourceVersion "1"]
[SourceVersionDate "2023.10.10"]
[SourceQuality "1"]

1. b3 e5 2. Bb2 d6 3. d4 exd4 4. Qxd4 Nf6 5. Nf3 Nc6 6. Qd1 Bf5 7. e3 Be7 8. Bd3 Qd7 9. 0-0 0-0 10. Nbd2 h6 11. h3 Bh7 12. Qe2 Rfe8 13. Bxh7+ Kxh7 14. Rad1 Qe6 15. c4 Ne5 16. Nd4 Qd7 17. N2f3 Bf8 18. Nxe5 dxe5 19. Qc2+ g6 20. Nf3 Qe6 21. Bxe5 Bg7 22. Bxc7 Rac8 23. Be5 b5 24. c5 b4 25. Rd6 Qe7 26. Rfd1 Kg8 27. Bxf6 Bxf6 28. Qc4 a5 29. c6 Kg7 30. Rd7 Qe6 31. c7 Qxc4 32. bxc4 Re6 33. Nd4 Bxd4 34. exd4 Rc6 35. d5 Ra6 36. d6 Raa8 37. c5 a4 38. Rb1 b3 39. axb3 a3 40. b4 a2 41. Ra1 Kf6 42. b5 Ra5 43. b6 Rb5 44. Rxa2 1-0

[Event "Titled Tuesday intern op 29th Aug Early"]
[Site "Chess.com INT"]
[Date "2023.08.29"]
[Round "6"]
[White "Titichoca Daza, Daniel Henry"]
[Black "Andreev, Konstantin"]
[Result "0-1"]
[WhiteElo "2168"]
[BlackElo "2151"]
[PlyCount "68"]
[EventDate "2023.08.29"]
[EventType "swiss (blitz)"]
[EventRounds "11"]
[EventCountry "USA"]
[SourceTitle "EXT 2024"]
[Source "ChessBase"]
[SourceDate "2023.10.10"]
[SourceVersion "1"]
[SourceVersionDate "2023.10.10"]
[SourceQuality "1"]

1. c4 e5 2. Nc3 Nf6 3. Nf3 Nc6 4. g3 d5 5. cxd5 Nxd5 6. Bg2 Be6 7. 0-0 Be7 8. d3 0-0 9. Bd2 f6 10. Rc1 Nb6 11. a3 Nd4 12. Ne4 c6 13. Nc5 Bxc5 14. Rxc5 Bg4 15. Nxd4 exd4 16. Re1 Re8 17. a4 Nd7 18. Qb3+ Be6 19. Qb4 Nxc5 20. Qxc5 Qb6 21. Qc1 Bb3 22. a5 Qb5 23. h4 Re7 24. g4 Rae8 25. Be4 Bd5 26. f3 Bxe4 27. fxe4 Qe5 28. Bf4 Qe6 29. g5 Qg4+ 30. Kh2 Qxh4+ 31. Kg2 Qg4+ 32. Kh2 fxg5 33. Bxg5 Rf7 34. Rg1 Rf2+ 0-1

[Event "Rome La Regina op 3rd"]
[Site "Rome"]
[Date "2023.07.29"]
[Round "2"]
[White "Andreev, Konstantin"]
[Black "Lodici, Lorenzo"]
[Result "0-1"]
[WhiteElo "2203"]
[BlackElo "2536"]
[PlyCount "94"]
[EventDate "2023.07.28"]
[EventType "swiss"]
[EventRounds "5"]
[EventCountry "ITA"]
[SourceTitle "CBM 215 Extra"]
[Source "ChessBase"]
[SourceDate "2023.09.30"]
[SourceVersion "1"]
[SourceVersionDate "2023.09.30"]
[SourceQuality "1"]

1. e4 c5 2. Nf3 Nc6 3. Nc3 e6 4. d4 cxd4 5. Nxd4 a6 6. Bf4 d6 7. Bg3 h5 8. h4 e5 9. Nxc6 bxc6 10. Bc4 Rb8 11. Bb3 Nf6 12. Qe2 Qc7 13. 0-0-0 Be7 14. f3 Rb4 15. Be1 a5 16. Na4 Rb8 17. Nc3 Rb4 18. Na4 Rb7 19. Nc3 Nh7 20. g4 Nf8 21. Bf2 Be6 22. Be3 Bxb3 23. axb3 Ne6 24. g5 0-0 25. Rhf1 Rb4 26. Na2 Rbb8 27. Nc3 g6 28. f4 exf4 29. Bxf4 Nxf4 30. Rxf4 Qc8 31. Qf3 Rb4 32. Na2 Rb5 33. Nc3 Re5 34. Rf1 Qe8 35. Ne2 d5 36. Ng3 Bd8 37. Kb1 Qe6 38. exd5 cxd5 39. Ka2 Re3 40. Qf2 d4 41. Kb1 Bc7 42. Nxh5 gxh5 43. Rf6 Bg3 44. Qg2 Qe4 45. Qg1 Re1+ 46. Ka2 Rxf1 47. Qxf1 Be5 0-1

[Event "Titled Tuesday intern op 25th Jul Early"]
[Site "Chess.com INT"]
[Date "2023.07.25"]
[Round "6"]
[White "Andreev, Konstantin"]
[Black "Tristan, Leonardo"]
[Result "0-1"]
[WhiteElo "2203"]
[BlackElo "2526"]
[PlyCount "34"]
[EventDate "2023.07.25"]
[EventType "swiss (blitz)"]
[EventRounds "11"]
[EventCountry "USA"]
[SourceTitle "EXT 2024"]
[Source "ChessBase"]
[SourceDate "2023.10.10"]
[SourceVersion "1"]
[SourceVersionDate "2023.10.10"]
[SourceQuality "1"]

1. e4 d5 2. exd5 Qxd5 3. Nc3 Qa5 4. d4 Nf6 5. Bc4 Bg4 6. Nf3 Nc6 7. Bd2 0-0-0 8. Nd5 Qa4 9. Bb3 Qa6 10. Nxf6 exf6 11. d5 Bb4 12. c3 Ne5 13. cxb4 Nd3+ 14. Kf1 Nf4+ 15. Kg1 Ne2+ 16. Kf1 Nc3+ 17. b5 Qxb5+ 0-1

[Event "Titled Tuesday intern op 25th Jul Early"]
[Site "Chess.com INT"]
[Date "2023.07.25"]
[Round "2"]
[White "Goswami, Vedant"]
[Black "Andreev, Konstantin"]
[Result "0-1"]
[WhiteElo "2034"]
[BlackElo "2203"]
[PlyCount "102"]
[EventDate "2023.07.25"]
[EventType "swiss (blitz)"]
[EventRounds "11"]
[EventCountry "USA"]
[SourceTitle "EXT 2024"]
[Source "ChessBase"]
[SourceDate "2023.10.10"]
[SourceVersion "1"]
[SourceVersionDate "2023.10.10"]
[SourceQuality "1"]

1. e4 c5 2. Nf3 e6 3. c3 d5 4. Bd3 Nc6 5. Bc2 d4 6. d3 e5 7. 0-0 g6 8. Ba4 Qd6 9. b4 cxb4 10. cxd4 exd4 11. e5 Qd5 12. Bb3 Qd8 13. Bg5 Be7 14. Bf4 Be6 15. Nbd2 g5 16. Bg3 h5 17. h3 Nh6 18. Ne4 Nf5 19. Re1 g4 20. Nfd2 gxh3 21. Bxe6 fxe6 22. Qf3 Kd7 23. Rac1 Qg8 24. Nf6+ Bxf6 25. exf6 Qg4 26. Qxg4 hxg4 27. Ne4 b6 28. Ng5 Nxg3 29. fxg3 e5 30. Rf1 Raf8 31. f7 Rh5 32. Ne4 Rh6 33. Rf5 Ke7 34. Rcf1 Re6 35. gxh3 gxh3 36. Kh2 Nd8 37. Ng5 Rg6 38. Rxe5+ Kd6 39. Ref5 Rg7 40. g4 Ke7 41. Re1+ Kd6 42. Kxh3 Nxf7 43. Rf6+ Kd7 44. Nxf7 Rfxf7 45. Rxf7+ Rxf7 46. Re4 Rf1 47. Rxd4+ Ke6 48. g5 Rg1 49. Kh4 a5 50. Re4+ Kf7 51. Rf4+ Kg7 0-1

[Event "Titled Tuesday intern op 18th Jul Early"]
[Site "Chess.com INT"]
[Date "2023.07.18"]
[Round "4"]
[White "Andreev, Konstantin"]
[Black "Rychagov, Andrey"]
[Result "0-1"]
[WhiteElo "2203"]
[BlackElo "2543"]
[PlyCount "70"]
[EventDate "2023.07.18"]
[EventType "swiss (blitz)"]
[EventRounds "11"]
[EventCountry "USA"]
[SourceTitle "EXT 2024"]
[Source "ChessBase"]
[SourceDate "2023.10.10"]
[SourceVersion "1"]
[SourceVersionDate "2023.10.10"]
[SourceQuality "1"]

1. e4 c5 2. Nf3 e6 3. d4 cxd4 4. Nxd4 a6 5. Bd3 Bc5 6. Nb3 Be7 7. Qg4 g6 8. Nc3 d6 9. Qe2 Nc6 10. Be3 Ne5 11. f4 Nxd3+ 12. cxd3 Nf6 13. 0-0-0 b5 14. Rdf1 Bb7 15. Kb1 b4 16. Nd1 a5 17. g4 a4 18. Nc1 Nd7 19. h4 d5 20. e5 d4 21. Bxd4 Bxh1 22. Rxh1 Nc5 23. Be3 Qd5 24. Nf2 Rd8 25. h5 g5 26. d4 Ne4 27. Ncd3 Nxf2 28. Nxf2 gxf4 29. Bxf4 b3 30. Rd1 Rc8 31. Rc1 0-0 32. Rxc8 Rxc8 33. g5 Rc2 34. Qd3 Rxf2 35. g6 Rxf4 0-1

[Event "Titled Tuesday intern op 11th Jul Early"]
[Site "Chess.com INT"]
[Date "2023.07.11"]
[Round "3"]
[White "Andreev, Konstantin"]
[Black "Stojanovski, Sandi"]
[Result "1-0"]
[WhiteElo "2203"]
[BlackElo "2179"]
[PlyCount "83"]
[EventDate "2023.07.11"]
[EventType "swiss (blitz)"]
[EventRounds "11"]
[EventCountry "USA"]
[SourceTitle "EXT 2024"]
[Source "ChessBase"]
[SourceDate "2023.10.10"]
[SourceVersion "1"]
[SourceVersionDate "2023.10.10"]
[SourceQuality "1"]

1. e4 d6 2. d4 Nf6 3. Nc3 g6 4. h4 h5 5. f3 Bg7 6. Be3 0-0 7. Qd2 e5 8. Nge2 exd4 9. Nxd4 Nc6 10. 0-0-0 Nxd4 11. Bxd4 Be6 12. Kb1 c5 13. Be3 Qa5 14. Be2 Rfd8 15. g4 d5 16. Nxd5 Qxd2 17. Nxf6+ Bxf6 18. Rxd2 Rxd2 19. Bxd2 hxg4 20. fxg4 Rd8 21. Be3 b6 22. c3 Kg7 23. h5 g5 24. Kc2 Kh6 25. b3 Be5 26. Rf1 f6 27. a4 a5 28. Rb1 Kg7 29. b4 cxb4 30. Bxb6 b3+ 31. Rxb3 Bxb3+ 32. Kxb3 Rd2 33. Bc4 Rg2 34. Be6 Re2 35. Bf5 Re1 36. Bxa5 Rb1+ 37. Kc4 Rb8 38. Bb4 Rb7 39. a5 Bc7 40. Kc5 Bb8 41. Kc6 Rc7+ 42. Kb5 1-0

[Event "Titled Tuesday intern op 11th Jul Early"]
[Site "Chess.com INT"]
[Date "2023.07.11"]
[Round "6"]
[White "Goswami, Vedant"]
[Black "Andreev, Konstantin"]
[Result "0-1"]
[WhiteElo "2034"]
[BlackElo "2203"]
[PlyCount "58"]
[EventDate "2023.07.11"]
[EventType "swiss (blitz)"]
[EventRounds "11"]
[EventCountry "USA"]
[SourceTitle "EXT 2024"]
[Source "ChessBase"]
[SourceDate "2023.10.10"]
[SourceVersion "1"]
[SourceVersionDate "2023.10.10"]
[SourceQuality "1"]

1. d4 Nf6 2. Nf3 d5 3. Bf4 c5 4. c3 Qb6 5. Qb3 c4 6. Qc2 g6 7. Nbd2 Bf5 8. Qc1 Bg7 9. e3 0-0 10. Ne5 Nbd7 11. Be2 Nxe5 12. Bxe5 Qc6 13. b4 b5 14. 0-0 a5 15. a3 axb4 16. axb4 Rxa1 17. Qxa1 Ra8 18. Qb2 Qa6 19. Bf3 Bd3 20. Re1 Ne4 21. Bxg7 Kxg7 22. Bxe4 dxe4 23. f3 f5 24. Nf1 Qa2 25. Qxa2 Rxa2 26. Rc1 exf3 27. gxf3 Bxf1 28. Kxf1 Rxh2 29. Ra1 Rh1+ 0-1

[Event "Titled Tuesday intern op 11th Jul Early"]
[Site "Chess.com INT"]
[Date "2023.07.11"]
[Round "4"]
[White "Schmakel, Sam A"]
[Black "Andreev, Konstantin"]
[Result "1-0"]
[WhiteElo "2449"]
[BlackElo "2203"]
[PlyCount "89"]
[EventDate "2023.07.11"]
[EventType "swiss (blitz)"]
[EventRounds "11"]
[EventCountry "USA"]
[SourceTitle "EXT 2024"]
[Source "ChessBase"]
[SourceDate "2023.10.10"]
[SourceVersion "1"]
[SourceVersionDate "2023.10.10"]
[SourceQuality "1"]

1. Nf3 Nf6 2. g3 b5 3. Bg2 Bb7 4. 0-0 e6 5. b3 Be7 6. Bb2 c5 7. d4 0-0 8. dxc5 Bxc5 9. Nbd2 d5 10. c4 bxc4 11. bxc4 Nbd7 12. Rc1 Rc8 13. cxd5 Bxd5 14. Nb3 Bb6 15. Qd3 Qe7 16. Qa6 Nc5 17. Nxc5 Bxc5 18. Bd4 Bb7 19. Bxc5 Rxc5 20. Qxa7 Rxc1 21. Rxc1 Ra8 22. Qb6 Nd5 23. Qb2 Kf8 24. Nd4 Qa3 25. Qxa3+ Rxa3 26. Rb1 Ba6 27. Rb8+ Ke7 28. Ra8 Nc7 29. Ra7 Kd6 30. Nc2 Rxa2 31. Nb4 Ra4 32. Nxa6 Rxa6 33. Rb7 Ra1+ 34. Bf1 Kc6 35. Rb3 Nd5 36. e3 Kd6 37. Kg2 Ke5 38. Rb7 Kf6 39. Bc4 Ra5 40. h4 h6 41. Kf3 e5 42. Ke4 Nc3+ 43. Kd3 Nd5 44. Rd7 Nb4+ 45. Kc3 1-0

[Event "Titled Tuesday intern op 27th Jun Early"]
[Site "Chess.com INT"]
[Date "2023.06.27"]
[Round "6"]
[White "Andreev, Konstantin"]
[Black "Georg, Heinz"]
[Result "1-0"]
[WhiteElo "2241"]
[BlackElo "2118"]
[PlyCount "59"]
[EventDate "2023.06.27"]
[EventType "swiss (blitz)"]
[EventRounds "11"]
[EventCountry "USA"]
[SourceTitle "EXT 2024"]
[Source "ChessBase"]
[SourceDate "2023.10.10"]
[SourceVersion "1"]
[SourceVersionDate "2023.10.10"]
[SourceQuality "1"]

1. e4 e5 2. Nf3 Nc6 3. Bc4 Nf6 4. d3 d5 5. exd5 Nxd5 6. 0-0 Nb6 7. Bb3 Bd6 8. Re1 h6 9. a4 a5 10. d4 Bg4 11. h3 Bxf3 12. Qxf3 0-0 13. dxe5 Bxe5 14. c3 Qf6 15. Nd2 Rad8 16. Qg4 Nd5 17. Ne4 Qe7 18. f4 f5 19. Qd1 fxe4 20. Bxd5+ Kh8 21. fxe5 Qxe5 22. c4 Qg3 23. Be3 Ne5 24. Kh1 c6 25. Qe2 cxd5 26. cxd5 Rxd5 27. Rf1 Rxf1+ 28. Rxf1 Nd3 29. Bb6 Rf5 30. Rxf5 1-0

[Event "Titled Tuesday intern op 27th Jun Early"]
[Site "Chess.com INT"]
[Date "2023.06.27"]
[Round "10"]
[White "Gavrilin, Roman"]
[Black "Andreev, Konstantin"]
[Result "1-0"]
[WhiteElo "2128"]
[BlackElo "2241"]
[PlyCount "79"]
[EventDate "2023.06.27"]
[EventType "swiss (blitz)"]
[EventRounds "11"]
[EventCountry "USA"]
[SourceTitle "EXT 2024"]
[Source "ChessBase"]
[SourceDate "2023.10.10"]
[SourceVersion "1"]
[SourceVersionDate "2023.10.10"]
[SourceQuality "1"]

1. e4 c5 2. Nf3 e6 3. g3 Nc6 4. Bg2 Nf6 5. Qe2 e5 6. 0-0 Be7 7. c3 d6 8. Na3 0-0 9. d3 Be6 10. Nc4 h6 11. Ne3 g6 12. Nh4 Kg7 13. f4 exf4 14. gxf4 Nxe4 15. dxe4 Bxh4 16. f5 Bd7 17. Ng4 Bg5 18. f6+ Kh7 19. Bxg5 hxg5 20. Qf3 Rb8 21. Qh3+ Kg8 22. Nh6+ Kh7 23. Nf5+ Kg8 24. Ne7+ Qxe7 25. fxe7 Bxh3 26. exf8Q+ Rxf8 27. Bxh3 Re8 28. Rad1 Rxe4 29. Rxd6 Re3 30. Bg2 Ne5 31. Rd8+ Kg7 32. h3 Re2 33. Rf2 Re1+ 34. Kh2 g4 35. Rdd2 Rb1 36. Rde2 f6 37. Bxb7 Nd3 38. Be4 c4 39. Bxd3 cxd3 40. Rd2 1-0

[Event "Titled Tuesday intern op 27th Jun Early"]
[Site "Chess.com INT"]
[Date "2023.06.27"]
[Round "1"]
[White "Halkias, Stelios"]
[Black "Andreev, Konstantin"]
[Result "1-0"]
[WhiteElo "2511"]
[BlackElo "2241"]
[PlyCount "69"]
[EventDate "2023.06.27"]
[EventType "swiss (blitz)"]
[EventRounds "11"]
[EventCountry "USA"]
[SourceTitle "EXT 2024"]
[Source "ChessBase"]
[SourceDate "2023.10.10"]
[SourceVersion "1"]
[SourceVersionDate "2023.10.10"]
[SourceQuality "1"]

1. Nf3 Nf6 2. c4 e6 3. g3 d5 4. d4 Bb4+ 5. Nc3 0-0 6. Bg2 dxc4 7. 0-0 Nc6 8. Re1 Rb8 9. e4 a6 10. a3 Be7 11. Bf4 Nh5 12. Be3 Nf6 13. Qe2 Na5 14. Rab1 b5 15. Rbd1 Bb7 16. Ne5 Nd7 17. Nf3 Nf6 18. Ne5 Nd7 19. f4 Nxe5 20. fxe5 c5 21. d5 Nb3 22. Qg4 Kh8 23. d6 f5 24. exf5 exf5 25. Qh5 f4 26. Bxf4 Bxg2 27. Kxg2 Nd4 28. Nd5 Qd7 29. Nxe7 Qb7+ 30. Kh3 Qd7+ 31. Qg4 Qb7 32. Rxd4 cxd4 33. e6 d3 34. Be5 Rg8 35. Ng6+ 1-0

[Event "Titled Tuesday intern op 27th Jun Early"]
[Site "Chess.com INT"]
[Date "2023.06.27"]
[Round "7"]
[White "Ruge, Edison"]
[Black "Andreev, Konstantin"]
[Result "1/2-1/2"]
[WhiteElo "2201"]
[BlackElo "2241"]
[PlyCount "26"]
[EventDate "2023.06.27"]
[EventType "swiss (blitz)"]
[EventRounds "11"]
[EventCountry "USA"]
[SourceTitle "EXT 2024"]
[Source "ChessBase"]
[SourceDate "2023.10.10"]
[SourceVersion "1"]
[SourceVersionDate "2023.10.10"]
[SourceQuality "1"]

1. e4 c5 2. Nf3 e6 3. d3 g6 4. Nbd2 Bg7 5. g3 Nc6 6. Bg2 Nge7 7. h4 h5 8. 0-0 0-0 9. c3 d6 10. Qe2 b6 11. Ng5 Rb8 12. f4 Qc7 13. Bh3 f5 1/2-1/2

[Event "Titled Tuesday intern op 27th Jun Early"]
[Site "Chess.com INT"]
[Date "2023.06.27"]
[Round "5"]
[White "Sariego Figueredo, Wilfredo"]
[Black "Andreev, Konstantin"]
[Result "1-0"]
[WhiteElo "2318"]
[BlackElo "2241"]
[PlyCount "71"]
[EventDate "2023.06.27"]
[EventType "swiss (blitz)"]
[EventRounds "11"]
[EventCountry "USA"]
[SourceTitle "EXT 2024"]
[Source "ChessBase"]
[SourceDate "2023.10.10"]
[SourceVersion "1"]
[SourceVersionDate "2023.10.10"]
[SourceQuality "1"]

1. d4 Nf6 2. Bf4 d5 3. e3 c5 4. c3 Qb6 5. Qb3 c4 6. Qc2 g6 7. Nd2 Bf5 8. Qc1 Bg7 9. Ngf3 0-0 10. Be2 Nc6 11. h3 Rfe8 12. Ne5 Nd7 13. Nxd7 Bxd7 14. e4 e5 15. dxe5 Nxe5 16. 0-0 Bc6 17. exd5 Bxd5 18. Bxe5 Bxe5 19. Nxc4 Bh2+ 20. Kxh2 Qc7+ 21. Kg1 Rxe2 22. Ne3 Bc6 23. Re1 Rxe1+ 24. Qxe1 Re8 25. Rd1 f5 26. Qd2 Qf7 27. b3 f4 28. Ng4 Kf8 29. Qd6+ Re7 30. Nh6 Qe6 31. Qxf4+ Kg7 32. Ng4 h5 33. Qh6+ Kf7 34. Qh7+ Ke8 35. Qh8+ Kf7 36. Nh6# 1-0

[Event "Titled Tuesday intern op 20th Jun Early"]
[Site "Chess.com INT"]
[Date "2023.06.20"]
[Round "7"]
[White "Andreev, Konstantin"]
[Black "Jakubowski, Krzysztof"]
[Result "0-1"]
[WhiteElo "2241"]
[BlackElo "2486"]
[PlyCount "157"]
[EventDate "2023.06.20"]
[EventType "swiss (blitz)"]
[EventRounds "11"]
[EventCountry "USA"]
[SourceTitle "EXT 2024"]
[Source "ChessBase"]
[SourceDate "2023.10.10"]
[SourceVersion "1"]
[SourceVersionDate "2023.10.10"]
[SourceQuality "1"]

1. e4 c5 2. Nf3 e6 3. d4 cxd4 4. Nxd4 a6 5. Bd3 Bc5 6. Nb3 Ba7 7. Nc3 Nc6 8. Bd2 Nge7 9. Qe2 0-0 10. 0-0-0 b5 11. Kb1 Bb7 12. e5 Nb4 13. Be4 Qc7 14. Bxb7 Qxb7 15. Ne4 Nbd5 16. f4 Bb6 17. Nbc5 Qc6 18. Nd3 a5 19. g4 a4 20. a3 Rac8 21. Rc1 Bc7 22. Rhf1 d6 23. Nb4 Qd7 24. f5 dxe5 25. f6 Nxf6 26. Rxf6 Ng6 27. Rf3 f5 28. Rd3 Qe8 29. Nd6 Bxd6 30. Rxd6 e4 31. Rb6 Ne5 32. Bc3 Nxg4 33. Rg1 Rf7 34. h3 Nf6 35. Rxb5 Rd8 36. Rb6 Nd5 37. Nxd5 exd5 38. Qe3 f4 39. Qd4 Qf8 40. Bb4 Qe8 41. Bc3 Qd7 42. Rf6 Rdf8 43. Rxf4 h5 44. Rf2 Kh7 45. Rfg2 Rg8 46. Rg5 g6 47. Rxh5+ gxh5 48. Rxg8 Rf1+ 49. Ka2 Kxg8 50. Qh8+ Kf7 51. Qxh5+ Ke6 52. Qg4+ Rf5 53. Qg6+ Ke7 54. Bb4+ Kd8 55. Ba5+ Kc8 56. Qa6+ Kb8 57. Qb6+ Ka8 58. Qc5 Kb7 59. Bc3 Qc6 60. Qb4+ Ka6 61. Bd4 Qc4+ 62. Qxc4+ dxc4 63. h4 Rf3 64. h5 Rh3 65. h6 Rxh6 66. b3 Rh3 67. Kb2 e3 68. Kc3 cxb3 69. cxb3 e2+ 70. Kd2 Rxb3 71. Kxe2 Rxa3 72. Kd2 Rb3 73. Kc2 Kb5 74. Be5 Kc4 75. Bd6 a3 76. Be7 a2 77. Bf6 Rb1 78. Bg7 a1Q 79. Bxa1 0-1

[Event "Titled Tuesday intern op 20th Jun Early"]
[Site "Chess.com INT"]
[Date "2023.06.20"]
[Round "5"]
[White "Kumsiashvili, Nikoloz"]
[Black "Andreev, Konstantin"]
[Result "1-0"]
[WhiteElo "2399"]
[BlackElo "2241"]
[PlyCount "73"]
[EventDate "2023.06.20"]
[EventType "swiss (blitz)"]
[EventRounds "11"]
[EventCountry "USA"]
[SourceTitle "EXT 2024"]
[Source "ChessBase"]
[SourceDate "2023.10.10"]
[SourceVersion "1"]
[SourceVersionDate "2023.10.10"]
[SourceQuality "1"]

1. c4 Nf6 2. Nf3 e6 3. Nc3 d5 4. d4 dxc4 5. e3 a6 6. a4 c5 7. Bxc4 Nc6 8. 0-0 Be7 9. Qe2 cxd4 10. Rd1 e5 11. exd4 Nxd4 12. Qxe5 Nxf3+ 13. gxf3 Bd7 14. Nd5 Nxd5 15. Bxd5 0-0 16. Bxb7 Ra7 17. Be4 Bf6 18. Qd6 Bh3 19. Qxd8 Rxd8 20. Rxd8+ Bxd8 21. Be3 Rd7 22. b4 Rd6 23. Bc5 Re6 24. b5 Re5 25. Be3 f5 26. Bc6 Kh8 27. Rd1 Be7 28. Bf4 Re6 29. Kh1 axb5 30. axb5 Rg6 31. Rg1 Re6 32. Bd5 Rb6 33. Bc6 Kg8 34. Bc7 Rxc6 35. bxc6 Bc5 36. Bf4 g5 37. c7 1-0

[Event "Titled Tuesday intern op 20th Jun Early"]
[Site "Chess.com INT"]
[Date "2023.06.20"]
[Round "11"]
[White "Popov, Konstantin"]
[Black "Andreev, Konstantin"]
[Result "1-0"]
[WhiteElo "2381"]
[BlackElo "2241"]
[PlyCount "95"]
[EventDate "2023.06.20"]
[EventType "swiss (blitz)"]
[EventRounds "11"]
[EventCountry "USA"]
[SourceTitle "EXT 2024"]
[Source "ChessBase"]
[SourceDate "2023.10.10"]
[SourceVersion "1"]
[SourceVersionDate "2023.10.10"]
[SourceQuality "1"]

1. e4 c5 2. Nf3 e6 3. d4 cxd4 4. Nxd4 Nc6 5. Nc3 Qc7 6. g3 a6 7. Bg2 Nf6 8. 0-0 Nxd4 9. Qxd4 Bc5 10. Qd3 h5 11. Be3 Bxe3 12. Qxe3 d6 13. Rad1 e5 14. Qd2 Ke7 15. Qg5 Be6 16. Bh3 h4 17. Bxe6 Kxe6 18. Qf5+ Ke7 19. Qxf6+ gxf6 20. Nd5+ Kd7 21. Nxc7 Kxc7 22. Rd3 h3 23. Rfd1 Rad8 24. c4 b6 25. f3 Rh5 26. g4 Rg5 27. Kf2 f5 28. exf5 e4 29. Rd4 Re8 30. Kg3 e3 31. Re4 Rxe4 32. fxe4 Kc6 33. Kf3 Kc5 34. b3 b5 35. cxb5 axb5 36. Re1 Kd4 37. Rd1+ Kc5 38. Rd3 e2 39. Re3 Kd4 40. Rxe2 Kd3 41. Re1 Kd2 42. Rg1 Rg8 43. g5 Kc2 44. Kg4 Kb2 45. Kxh3 Kxa2 46. Rg3 Re8 47. g6 fxg6 48. fxg6 1-0

[Event "Titled Tuesday intern op 20th Jun Early"]
[Site "Chess.com INT"]
[Date "2023.06.20"]
[Round "6"]
[White "Ruge, Edison"]
[Black "Andreev, Konstantin"]
[Result "0-1"]
[WhiteElo "2201"]
[BlackElo "2241"]
[PlyCount "86"]
[EventDate "2023.06.20"]
[EventType "swiss (blitz)"]
[EventRounds "11"]
[EventCountry "USA"]
[SourceTitle "EXT 2024"]
[Source "ChessBase"]
[SourceDate "2023.10.10"]
[SourceVersion "1"]
[SourceVersionDate "2023.10.10"]
[SourceQuality "1"]

1. e4 c5 2. Nf3 e6 3. d3 Nc6 4. Nbd2 g6 5. g3 Bg7 6. Bg2 Nge7 7. h4 h5 8. 0-0 0-0 9. Ng5 d6 10. f4 Rb8 11. Bf3 Qc7 12. Bxh5 f6 13. Bxg6 fxg5 14. Bh5 gxf4 15. gxf4 Kh8 16. Nf3 Ng8 17. Ng5 Nf6 18. Bf3 Nd4 19. Bg2 Bd7 20. c3 Nc6 21. Be3 Rbe8 22. d4 cxd4 23. cxd4 e5 24. fxe5 dxe5 25. d5 Nd4 26. Rxf6 Rxf6 27. Qh5+ Kg8 28. Qh7+ Kf8 29. Qh5 Kg8 30. Kh2 Qd6 31. Rf1 Rxf1 32. Bxf1 Re7 33. Qh7+ Kf8 34. Qh5 Be8 35. Qg4 Kg8 36. a3 Qf6 37. Bg2 Rc7 38. Bxd4 exd4 39. Ne6 Re7 40. h5 Bd7 41. Bh3 Bxe6 42. dxe6 d3 43. Qg3 Qe5 0-1

[Event "Titled Tuesday intern op 20th Jun Early"]
[Site "Chess.com INT"]
[Date "2023.06.20"]
[Round "9"]
[White "Zavgorodniy, Sergiy"]
[Black "Andreev, Konstantin"]
[Result "0-1"]
[WhiteElo "2416"]
[BlackElo "2241"]
[PlyCount "64"]
[EventDate "2023.06.20"]
[EventType "swiss (blitz)"]
[EventRounds "11"]
[EventCountry "USA"]
[SourceTitle "EXT 2024"]
[Source "ChessBase"]
[SourceDate "2023.10.10"]
[SourceVersion "1"]
[SourceVersionDate "2023.10.10"]
[SourceQuality "1"]

1. d4 Nf6 2. c4 e6 3. Nf3 d5 4. e3 Be7 5. Nbd2 0-0 6. Bd3 a6 7. 0-0 dxc4 8. Nxc4 b5 9. Nce5 Bb7 10. a4 b4 11. b3 c5 12. Bb2 Nbd7 13. Rc1 Rc8 14. Qe2 Qb6 15. Ng5 h6 16. Nxd7 Nxd7 17. Ne4 f5 18. Nxc5 Nxc5 19. dxc5 Bxc5 20. Bc4 Rfd8 21. Rcd1 Qc6 22. f3 Qb6 23. Bd4 Bxd4 24. exd4 Bd5 25. Bxa6 Rc3 26. Bc4 Kf7 27. Kh1 Bxc4 28. bxc4 Rxd4 29. Rxd4 Qxd4 30. Re1 Qxc4 31. Qe5 Rc1 32. h4 Qxh4+ 0-1

[Event "Forni di Sopra op 14th"]
[Site "Forni di Sopra"]
[Date "2023.06.12"]
[Round "4"]
[White "Andreev, Konstantin"]
[Black "Srikant Koduri, Advaitt"]
[Result "1-0"]
[WhiteElo "2241"]
[BlackElo "1858"]
[PlyCount "99"]
[EventDate "2023.06.10"]
[EventType "swiss"]
[EventRounds "9"]
[EventCountry "ITA"]
[SourceTitle "CBM 214 Extra"]
[Source "ChessBase"]
[SourceDate "2023.07.31"]
[SourceVersion "1"]
[SourceVersionDate "2023.07.31"]
[SourceQuality "1"]

1. e4 c5 2. Nf3 d6 3. d4 cxd4 4. Nxd4 Nf6 5. Nc3 g6 6. Be3 Bg7 7. f3 0-0 8. Qd2 Nc6 9. Bc4 Bd7 10. h4 h5 11. 0-0-0 Rc8 12. Bb3 Nxd4 13. Bxd4 b5 14. a3 a5 15. Nd5 Nxd5 16. Bxg7 Kxg7 17. Bxd5 b4 18. axb4 axb4 19. Qxb4 Rb8 20. Qd4+ Kh7 21. Rd3 Bb5 22. Ra3 e6 23. Bb3 Ra8 24. Rxa8 Qxa8 25. Kd2 Rc8 26. g4 Qa5+ 27. c3 Be8 28. Bc2 e5 29. Qe3 d5 30. exd5 Qxd5+ 31. Kc1 Ra8 32. gxh5 Ra1+ 33. Bb1 f6 34. Qe4 Qa2 35. hxg6+ Kg8 36. Rd1 Bc6 37. Qd3 Kg7 38. Rg1 e4 39. fxe4 Bb5 40. Qc2 Qa7 41. Re1 Qd7 42. h5 Qh3 43. c4 Qh4 44. Qd2 Bxc4 45. Qd7+ Kf8 46. g7+ Kg8 47. Qe8+ Kxg7 48. Rg1+ Kh7 49. Qg6+ Kh8 50. Qh6# 1-0